Malaysia exporters of franchising directory.
| Corporate Author: | |
|---|---|
| Format: | Book |
| Published: |
Kuala Lumpur:
MATRADE,
2014.
|
| Subjects: |
| LEADER | 00543cam a2200157 7i4500 | ||
|---|---|---|---|
| 001 | 0000031729 | ||
| 005 | 20141001090000.0 | ||
| 020 | 0 | 0 | |a 9789833196388 |
| 090 | 0 | 0 | |a MAT 658.8708025 |b MAL |
| 110 | 2 | 0 | |a Malaysia External Trade Development Corporation (MATRADE) |
| 245 | 2 | 0 | |a Malaysia exporters of franchising directory. |
| 260 | 0 | 0 | |a Kuala Lumpur: |b MATRADE, |c 2014. |
| 300 | # | # | |a 88 p. |
| 650 | 0 | 0 | |a Franchises (Retail trade) -- |x Directories -- |z Malaysia |
| 651 | 0 | 0 | |a Malaysia |
| 999 | |a 0000034889 |b Directories |c MATRADEs Collection |e Business Information Centre | ||


